| 000 | 00669nam a2200229Ia 4500 | ||
|---|---|---|---|
| 001 | 1359 | ||
| 003 | GE_BSU | ||
| 008 | 181216s||||||||xx |||||||||||||| ||und|| | ||
| 020 | _a5238010869 | ||
| 040 | _cGE_BSU | ||
| 080 | _a34(470+571)(075.8) | ||
| 100 | _aЧухвичев,Д.В. | ||
| 245 | _aЗаконодательная техника | ||
| 245 | _bУч-е пособие для студ. вузов обуч.ся по напр."Юриспруденция | ||
| 260 | _aМосква | ||
| 260 | _bЮнити-Дана | ||
| 260 | _c2006 | ||
| 300 | _a239стр. | ||
| 541 | _h7л. | ||
| 653 | _aЗаконодательная техника | ||
| 942 | _cBK | ||
| 999 |
_c35499 _d35499 |
||